|
|
|
|
| LEADER |
00000nam a2200000 a 4500 |
| 001 |
vtls009286502 |
| 003 |
SK-MaSNL |
| 005 |
20260302080137.0 |
| 008 |
240315s2008 gw g h 000 0bger |
| 020 |
|
|
|a 9783534204885
|q (viaz.)
|
| 040 |
|
|
|a SNK
|b slo
|c SNK
|e AACR2
|
| 041 |
0 |
|
|a ger
|
| 044 |
|
|
|a gw
|c DE
|
| 072 |
|
7 |
|a 27-4
|x Praktická teológia. Morálna teológia
|2 konspekt
|
| 080 |
|
|
|a 27-236.5
|2 2001
|
| 080 |
|
|
|a 27-584
|2 2001
|
| 080 |
|
|
|a 27-31
|2 2001
|
| 080 |
|
|
|a (0:82-4)
|2 2001
|
| 100 |
1 |
|
|a Koschorke, Martin
|4 aut
|9 743900
|
| 245 |
0 |
0 |
|a Jesus war nie in Bethlehem
|c Martin Koschorke
|
| 250 |
|
|
|a 2. durchges. und erg. Aufl.
|
| 260 |
|
|
|a Darmstadt
|b Wissenschaftliche Buchgesellschaft
|c 2008
|
| 300 |
|
|
|a 143 s.
|c 23 cm
|
| 504 |
|
|
|a Obsahuje bibliogr. a reg.
|
| 600 |
0 |
7 |
|a Ježiš Kristus
|2 SNKMA
|
| 630 |
0 |
7 |
|a Biblia
|p Nový zákon
|2 SNKPH
|
| 650 |
0 |
7 |
|a kristológia
|2 SNKPH
|9 1943
|
| 650 |
0 |
7 |
|a biblické postavy
|2 SNKPH
|9 4145
|
| 655 |
|
7 |
|a úvahy
|2 SNKPH
|9 29403
|
| 919 |
|
|
|a 978-3-534-20488-5
|
| 999 |
|
|
|c 1171966
|d 1173896
|
| 952 |
|
|
|a SNK
|b SNK
|y VYP
|7 0
|p 17A0587559
|o snkIC 136551
|i snk2008/10243
|8 2
|g 21.38
|0 0
|1 0
|4 0
|d 2008-04-17
|l 0
|r 2026-02-24 21:08:18
|w 2026-02-24
|